The nature of mathematics : (Record no. 30058)
[ view plain ]
| 000 -LEADER | |
|---|---|
| fixed length control field | 00619nam a2200217 i 4500 |
| 001 - CONTROL NUMBER | |
| control field | 30058 |
| 003 - CONTROL NUMBER IDENTIFIER | |
| rucl marc code | BD-RjUL |
| 005 - DATE AND TIME OF LATEST TRANSACTION | |
| control field | 20211209051514.0 |
| 008 - FIXED-LENGTH DATA ELEMENTS--GENERAL INFORMATION | |
| fixed length control field | 140408s1958 enk 00000 eng d |
| 035 ## - SYSTEM CONTROL NUMBER | |
| System control number | (BD-RjUL)30143 |
| 040 ## - CATALOGING SOURCE | |
| Original cataloging agency | BD-RjUL |
| Language of cataloging | eng |
| Transcribing agency | BD-RjUL |
| 041 ## - LANGUAGE CODE | |
| Language code of text/sound track or separate title | eng |
| 082 ## - DEWEY DECIMAL CLASSIFICATION NUMBER | |
| Classification number | 164 |
| Author mark and year | BLN 1958 |
| 100 1# - MAIN ENTRY--PERSONAL NAME | |
| Personal name | Black, Max. |
| 9 (RLIN) | 91423 |
| 245 14 - TITLE STATEMENT | |
| Title | The nature of mathematics : |
| Remainder of title | a critical survey / |
| Statement of responsibility, etc. | Max Black. |
| 260 ## - PUBLICATION, DISTRIBUTION, ETC. (IMPRINT) | |
| Place of publication, distribution, etc. | London : |
| Name of publisher, distributor, etc. | Routledge, |
| Date of publication, distribution, etc. | 1958. |
| 300 ## - PHYSICAL DESCRIPTION | |
| Pagination | xiv, 219 p. ; |
| Size | 21 cm. |
| 650 #0 - SUBJECT ADDED ENTRY--TOPICAL TERM | |
| Topical term or geographic name as entry element | Mathematics |
| General subdivision | Philosophy. |
| 9 (RLIN) | 5282 |
| Topical term or geographic name as entry element | Logic, Symbolic and mathematical. |
| 9 (RLIN) | 91424 |
| 942 ## - ADDED ENTRY ELEMENTS (KOHA) | |
| Source of classification or shelving scheme | Dewey Decimal Classification |
| Koha item type | Books |
| Lost status | Source of classification or shelving scheme | Damaged status | Not for loan | Permanent Location | Current Location | Shelving location | Date acquired | Source of acquisition | Cost, normal purchase price | Total Checkouts | Full call number | Date last seen | Copy number | Koha item type |
|---|---|---|---|---|---|---|---|---|---|---|---|---|---|---|
| Dewey Decimal Classification | Added to bundle | Central Library, University of Rajshahi | Central Library, University of Rajshahi | Reading Room | 06/03/1963 | Zeitlinger | 24.00 | 164 BLN 1958 | 08/04/2014 | C-1 | Books |